Munajat-e Maqbul : / مناجات مقبول (Record no. 29199)

MARC details
000 -LEADER
fixed length control field 00589nam a22001937a 4500
003 - CONTROL NUMBER IDENTIFIER
control field BDDh-ASL
005 - DATE AND TIME OF LATEST TRANSACTION
control field 20231015031014.0
008 - FIXED-LENGTH DATA ELEMENTS--GENERAL INFORMATION
fixed length control field 220918n ii ||||| |||| 00| 0 urd d
040 ## - CATALOGING SOURCE
Original cataloging agency BDDh-ASL
Transcribing agency BDDh-ASL
041 ## - LANGUAGE CODE
Language code of text/sound track or separate title urd
082 ## - DEWEY DECIMAL CLASSIFICATION NUMBER
Classification number 297
Item number DAM
100 1# - MAIN ENTRY--PERSONAL NAME
9 (RLIN) 6513
Personal name Daryabadi, Abdul Majid
245 10 - TITLE STATEMENT
Title Munajat-e Maqbul : / مناجات مقبول
246 ## - VARYING FORM OF TITLE
Title proper/short title Mashahire Ahle Ilm Ki Muhsin Kitebein : / مشاہير اہل علم کی محسن کتابيں
260 ## - PUBLICATION, DISTRIBUTION, ETC.
Place of publication, distribution, etc. Lucknow :
Name of publisher, distributor, etc. Nami Press ,
300 ## - PHYSICAL DESCRIPTION
Extent 166 p. :
Dimensions 19 cm.
650 #0 - SUBJECT ADDED ENTRY--TOPICAL TERM
9 (RLIN) 1652
Topical term or geographic name entry element Islam
942 ## - ADDED ENTRY ELEMENTS (KOHA)
Source of classification or shelving scheme Dewey Decimal Classification
Koha item type Books
Holdings
Withdrawn status Lost status Source of classification or shelving scheme Damaged status Not for loan Collection code Home library Current library Shelving location Date acquired Source of acquisition Serial Enumeration / chronology Total Checkouts Full call number Barcode Date last seen Copy number Price effective from Koha item type Public note
    Dewey Decimal Classification   Not For Loan Non-fiction Asiatic Society Library Asiatic Society Library General Stacks 09/18/2022 ASB Collections U-0827-A   297 DAM 117390 09/18/2022 C-1 09/18/2022 Books Y-0000

Powered by Koha